[Event "Muensterland Regionalliga 2526"]
[Site "Germany"]
[Date "2026.02.07"]
[Round "6"]
[Board "3"]
[White "Beckmann, David"]
[Black "Waltermann, Jens"]
[Result "1/2-1/2"]
[WhiteElo "2029"]
[BlackElo "1812"]
[WhiteFideId "-1"]
[BlackFideId "-1"]
[PlyCount "90"]
[GameId "2095107233178822"]
[EventDate "2025.??.??"]
[EventType "team-tourn"]
[EventRounds "9"]
[EventCountry "GER"]
[SourceTitle "Verband Muensterland"]
[SourceDate "2025.09.21"]
[SourceVersion "1"]
[SourceVersionDate "2025.09.21"]
[SourceQuality "1"]
[WhiteTeam "Borken"]
[BlackTeam "Saerbeck"]
[WhiteTeamCountry "GER"]
[BlackTeamCountry "GER"]

1. d4 Nf6 2. Nf3 g6 3. g3 Bg7 4. Bg2 O-O 5. O-O d5 6. c4 c6 7. Nc3 dxc4 8. Ne5 Nbd7 9. Nxc4 Nb6 10. Ne5 Nfd7 11. Nf3 Nd5 12. Nxd5 cxd5 13. Bg5 h6 14. Bf4 g5 15. Be3 Nf6 16. h4 gxh4 17. Nxh4 Bg4 18. f3 Be6 19. Qd2 h5 20. Kh2 Qd6 21. Bf4 Qb6 22. Be5 Rfc8 23. Rfc1 Rxc1 24. Rxc1 Rc8 25. b3 Rxc1 26. Qxc1 Qc6 27. Qa3 Bf8 28. Qxa7 Nd7 29. Bf4 b6 30. Qa6 Qc2 31. b4 Qc3 32. Qd3 Qxb4 33. Bh3 Bxh3 34. Kxh3 e6 35. Ng2 Bg7 36. e3 Qb2 37. a4 Qa1 38. Kh2 Qxa4 39. Bd6 b5 40. Nf4 Nf6 41. Qc3 Qa2+ 42. Kg1 Qc4 43. Qa5 Qc1+ 44. Kf2 Qb2+ 45. Kg1 Qc1+ 1/2-1/2

[Event "Muensterland Regionalliga 2526"]
[Site "Germany"]
[Date "2026.02.07"]
[Round "6"]
[Board "4"]
[White "Hoge, Reinhard"]
[Black "Boldrick, Marcel"]
[Result "0-1"]
[WhiteElo "1854"]
[BlackElo "1864"]
[WhiteFideId "-1"]
[BlackFideId "-1"]
[PlyCount "62"]
[GameId "2095107319190735"]
[EventDate "2025.??.??"]
[EventType "team-tourn"]
[EventRounds "9"]
[EventCountry "GER"]
[SourceTitle "Verband Muensterland"]
[SourceDate "2025.09.21"]
[SourceVersion "1"]
[SourceVersionDate "2025.09.21"]
[SourceQuality "1"]
[WhiteTeam "Saerbeck"]
[BlackTeam "Borken"]
[WhiteTeamCountry "GER"]
[BlackTeamCountry "GER"]

1. d4 Nf6 2. c4 e5 3. dxe5 Ng4 4. Nf3 Nc6 5. e3 Ngxe5 6. Be2 Bb4+ 7. Bd2 Bxd2+ 8. Qxd2 O-O 9. O-O Nxf3+ 10. Bxf3 Ne5 11. Be2 Qh4 12. f4 Ng4 13. Bxg4 Qxg4 14. Nc3 c6 15. e4 Qe6 16. Qd3 b5 17. cxb5 cxb5 18. Nd5 Bb7 19. f5 Qe5 20. f6 Bxd5 21. exd5 Rfe8 22. Rae1 Qxb2 23. Qg3 g6 24. Qd6 Qd4+ 25. Kh1 Qf2 26. Qe7 Rxe7 27. fxe7 Qxa2 28. e8=Q+ Rxe8 29. Rxe8+ Kg7 30. d6 Qc4 31. Rfe1 b4 0-1

[Event "Muensterland Regionalliga 2526"]
[Site "Germany"]
[Date "2026.02.07"]
[Round "6"]
[Board "5"]
[White "Farwick, Christian"]
[Black "Bartsch, Rainer"]
[Result "1/2-1/2"]
[WhiteElo "1851"]
[BlackElo "1663"]
[WhiteFideId "-1"]
[BlackFideId "-1"]
[PlyCount "44"]
[GameId "2095107403830488"]
[EventDate "2025.??.??"]
[EventType "team-tourn"]
[EventRounds "9"]
[EventCountry "GER"]
[SourceTitle "Verband Muensterland"]
[SourceDate "2025.09.21"]
[SourceVersion "1"]
[SourceVersionDate "2025.09.21"]
[SourceQuality "1"]
[WhiteTeam "Borken"]
[BlackTeam "Saerbeck"]
[WhiteTeamCountry "GER"]
[BlackTeamCountry "GER"]

1. d4 d5 2. Nf3 Nf6 3. c3 e6 4. Bf4 Bd6 5. Bg3 O-O 6. e3 b6 7. Nbd2 Bb7 8. Ne5 c5 9. Bd3 Qc7 10. f4 Ne4 11. Qh5 Nd7 12. Ndf3 f6 13. Nxd7 Qxd7 14. O-O Rae8 15. Rad1 Qf7 16. Qxf7+ Rxf7 17. Bb5 Ree7 18. Bh4 a6 19. Bd3 Rd7 20. g4 g6 21. g5 f5 22. Bxe4 dxe4 1/2-1/2

[Event "Muensterland Regionalliga 2526"]
[Site "Germany"]
[Date "2026.02.07"]
[Round "6"]
[Board "6"]
[White "Bloemker, Stephan"]
[Black "Klueppel, Ralf"]
[Result "1/2-1/2"]
[WhiteElo "1554"]
[BlackElo "1735"]
[WhiteFideId "-1"]
[BlackFideId "-1"]
[PlyCount "67"]
[GameId "2095107464140001"]
[EventDate "2025.??.??"]
[EventType "team-tourn"]
[EventRounds "9"]
[EventCountry "GER"]
[SourceTitle "Verband Muensterland"]
[SourceDate "2025.09.21"]
[SourceVersion "1"]
[SourceVersionDate "2025.09.21"]
[SourceQuality "1"]
[WhiteTeam "Saerbeck"]
[BlackTeam "Borken"]
[WhiteTeamCountry "GER"]
[BlackTeamCountry "GER"]

1. Nf3 d5 2. g3 Nf6 3. Bg2 g6 4. b3 Bg7 5. Bb2 O-O 6. c4 c6 7. O-O dxc4 8. bxc4 Na6 9. d3 Nc5 10. Qc2 Bf5 11. Nd4 Bd7 12. Nc3 Qc8 13. Ba3 Ne6 14. Nxe6 Bxe6 15. Bxe7 Re8 16. Bd6 Bh3 17. e3 h5 18. d4 Qe6 19. c5 Rad8 20. a4 Bh6 21. Rfe1 Bxg2 22. Kxg2 Qc4 23. Rac1 Rd7 24. h3 a6 25. Be5 Nh7 26. Qe2 Qe6 27. h4 Bf8 28. Qf3 Bxc5 29. Ne4 Bf8 30. Qf4 f5 31. Nc5 Bxc5 32. Rxc5 Ree7 33. a5 Qf7 34. Kh2 1/2-1/2

[Event "Muensterland Regionalliga 2526"]
[Site "Germany"]
[Date "2026.02.07"]
[Round "6"]
[Board "7"]
[White "Goos, Juergen"]
[Black "Henschen, Daniel"]
[Result "1/2-1/2"]
[WhiteElo "1440"]
[BlackElo "1588"]
[WhiteFideId "-1"]
[BlackFideId "-1"]
[PlyCount "44"]
[GameId "2095107553645802"]
[EventDate "2025.??.??"]
[EventType "team-tourn"]
[EventRounds "9"]
[EventCountry "GER"]
[SourceTitle "Verband Muensterland"]
[SourceDate "2025.09.21"]
[SourceVersion "1"]
[SourceVersionDate "2025.09.21"]
[SourceQuality "1"]
[WhiteTeam "Borken"]
[BlackTeam "Saerbeck"]
[WhiteTeamCountry "GER"]
[BlackTeamCountry "GER"]

1. d4 d5 2. c4 c6 3. Nc3 Nf6 4. Nf3 g6 5. b3 Bg7 6. Bb2 O-O 7. g3 Bf5 8. Bg2 a5 9. a3 Qc8 10. O-O Ne4 11. Rc1 Bh6 12. Ra1 Nxc3 13. Bxc3 Be4 14. e3 dxc4 15. bxc4 Qe6 16. Qe2 Nd7 17. Nd2 Bxg2 18. Kxg2 f5 19. f4 Nf6 20. h3 g5 21. Rae1 Ne4 22. Nxe4 Qxe4+ 1/2-1/2

[Event "Muensterland Regionalliga 2526"]
[Site "Germany"]
[Date "2026.02.07"]
[Round "6"]
[Board "8"]
[White "Roos, Wilfried"]
[Black "Finke, Hermann"]
[Result "1/2-1/2"]
[WhiteElo "1608"]
[BlackElo "1627"]
[WhiteFideId "-1"]
[BlackFideId "-1"]
[PlyCount "61"]
[GameId "2095107615425779"]
[EventDate "2025.??.??"]
[EventType "team-tourn"]
[EventRounds "9"]
[EventCountry "GER"]
[SourceTitle "Verband Muensterland"]
[SourceDate "2025.09.21"]
[SourceVersion "1"]
[SourceVersionDate "2025.09.21"]
[SourceQuality "1"]
[WhiteTeam "Saerbeck"]
[BlackTeam "Borken"]
[WhiteTeamCountry "GER"]
[BlackTeamCountry "GER"]

1. d4 d5 2. c4 e6 3. Nc3 Nf6 4. Bg5 Be7 5. e3 O-O 6. Nf3 c6 7. Bd3 Re8 8. c5 Nbd7 9. b4 h6 10. Bh4 Ne4 11. Bxe7 Nxc3 12. Bxd8 Nxd1 13. Rxd1 Rxd8 14. a4 b6 15. Rb1 bxc5 16. bxc5 a5 17. Kd2 f6 18. e4 e5 19. exd5 exd4 20. Rhc1 cxd5 21. c6 Ne5 22. c7 Nxf3+ 23. gxf3 Rf8 24. Rb8 Bh3 25. Rxf8+ Kxf8 26. Bb5 Ke7 27. Bc6 Ra7 28. Bxd5 Kd6 29. Be4 Rxc7 30. Rxc7 Kxc7 31. Kd3 1/2-1/2

[Event "Muensterland Regionalliga 2526"]
[Site "Germany"]
[Date "2026.02.07"]
[Round "6"]
[Board "1"]
[White "Arning, Marcus"]
[Black "Schulze Ameling, Hendrik"]
[Result "0-1"]
[WhiteElo "1921"]
[BlackElo "1996"]
[WhiteFideId "-1"]
[BlackFideId "-1"]
[PlyCount "62"]
[GameId "2095106920076468"]
[EventDate "2025.??.??"]
[EventType "team-tourn"]
[EventRounds "9"]
[EventCountry "GER"]
[SourceTitle "Verband Muensterland"]
[SourceDate "2025.09.21"]
[SourceVersion "1"]
[SourceVersionDate "2025.09.21"]
[SourceQuality "1"]
[WhiteTeam "Steinfurt"]
[BlackTeam "Ahaus Wessum"]
[WhiteTeamCountry "GER"]
[BlackTeamCountry "GER"]

1. d4 e6 2. Nc3 Nf6 3. Bg5 d5 4. Nf3 Be7 5. e3 O-O 6. Ne5 c5 7. Qf3 cxd4 8. exd4 Nc6 9. O-O-O a6 10. h4 Nd7 11. Qg3 Kh8 12. Bxe7 Qxe7 13. h5 Ndxe5 14. dxe5 h6 15. f4 b5 16. Bd3 b4 17. Ne2 a5 18. Qe3 Qa7 19. Qf3 a4 20. Bb5 Qc5 21. Bxc6 Qxc6 22. Nd4 Qc5 23. Kb1 Bd7 24. Qd3 Rfc8 25. Rc1 Qb6 26. g4 Rc4 27. Ne2 Bb5 28. Qf3 Re4 29. Ng3 Re3 30. Qf2 a3 31. b3 Rxb3+ 0-1

[Event "Muensterland Regionalliga 2526"]
[Site "Germany"]
[Date "2026.02.07"]
[Round "6"]
[Board "2"]
[White "Diehlmann, Christian"]
[Black "Stoeckmann, Helmut"]
[Result "1/2-1/2"]
[WhiteElo "1979"]
[BlackElo "1855"]
[WhiteFideId "-1"]
[BlackFideId "-1"]
[PlyCount "43"]
[GameId "2095107169440957"]
[EventDate "2025.??.??"]
[EventType "team-tourn"]
[EventRounds "9"]
[EventCountry "GER"]
[SourceTitle "Verband Muensterland"]
[SourceDate "2025.09.21"]
[SourceVersion "1"]
[SourceVersionDate "2025.09.21"]
[SourceQuality "1"]
[WhiteTeam "Ahaus Wessum"]
[BlackTeam "Steinfurt"]
[WhiteTeamCountry "GER"]
[BlackTeamCountry "GER"]

1. d4 c5 2. e3 Nf6 3. c4 g6 4. Nc3 Bg7 5. Nf3 O-O 6. Be2 d6 7. O-O Nbd7 8. b3 a6 9. Bb2 Rb8 10. Qc2 e6 11. Rfd1 Qe7 12. Rac1 Rd8 13. h3 b6 14. Rd2 Bb7 15. Rcd1 Nf8 16. dxc5 dxc5 17. Ne5 Qc7 18. Ng4 Nxg4 19. Bxg4 Bc6 20. Bf3 Bxf3 21. gxf3 f5 22. Ne2 1/2-1/2

[Event "Muensterland Regionalliga 2526"]
[Site "Germany"]
[Date "2026.02.07"]
[Round "6"]
[Board "3"]
[White "Bahceci, Caner"]
[Black "Winking, Hendrik"]
[Result "0-1"]
[WhiteElo "1831"]
[BlackElo "1918"]
[WhiteFideId "-1"]
[BlackFideId "-1"]
[PlyCount "68"]
[GameId "2095107233178822"]
[EventDate "2025.??.??"]
[EventType "team-tourn"]
[EventRounds "9"]
[EventCountry "GER"]
[SourceTitle "Verband Muensterland"]
[SourceDate "2025.09.21"]
[SourceVersion "1"]
[SourceVersionDate "2025.09.21"]
[SourceQuality "1"]
[WhiteTeam "Steinfurt"]
[BlackTeam "Ahaus Wessum"]
[WhiteTeamCountry "GER"]
[BlackTeamCountry "GER"]

1. e4 c6 2. d4 d5 3. e5 Bf5 4. h4 h6 5. g4 Be4 6. f3 Bg6 7. h5 Bh7 8. e6 Qd6 9. exf7+ Kxf7 10. Ne2 Nf6 11. Bf4 Qb4+ 12. Nbc3 Nbd7 13. Rb1 Nb6 14. a3 Qa5 15. Nc1 Na4 16. Qd2 Nxc3 17. bxc3 b5 18. Nd3 Nd7 19. Bh3 e6 20. g5 hxg5 21. Be5 Bxd3 22. Qxd3 Nxe5 23. dxe5 Rh6 24. Ke2 Qa4 25. Rb4 Bxb4 26. cxb4 Rc8 27. f4 gxf4 28. Rg1 Rc7 29. Rg4 Kg8 30. Rg5 a5 31. Qc3 axb4 32. Qc5 Qa7 33. Qd6 bxa3 34. Rg6 Rxh5 0-1

[Event "Muensterland Regionalliga 2526"]
[Site "Germany"]
[Date "2026.02.07"]
[Round "6"]
[Board "4"]
[White "Rosing, Hermann"]
[Black "Plotz, Noah"]
[Result "1-0"]
[WhiteElo "1982"]
[BlackElo "1861"]
[WhiteFideId "-1"]
[BlackFideId "-1"]
[PlyCount "91"]
[GameId "2095107319190735"]
[EventDate "2025.??.??"]
[EventType "team-tourn"]
[EventRounds "9"]
[EventCountry "GER"]
[SourceTitle "Verband Muensterland"]
[SourceDate "2025.09.21"]
[SourceVersion "1"]
[SourceVersionDate "2025.09.21"]
[SourceQuality "1"]
[WhiteTeam "Ahaus Wessum"]
[BlackTeam "Steinfurt"]
[WhiteTeamCountry "GER"]
[BlackTeamCountry "GER"]

1. e4 c5 2. Nf3 e6 3. d4 cxd4 4. Nxd4 Nf6 5. Bd3 Nc6 6. Nxc6 bxc6 7. Qe2 d5 8. O-O Be7 9. Nc3 O-O 10. Bd2 c5 11. b3 Bb7 12. Rad1 Rc8 13. Rfe1 Re8 14. e5 Nd7 15. Na4 Qc7 16. c4 Red8 17. Bf4 Nf8 18. Nc3 dxc4 19. Bxc4 Ng6 20. Bg3 Qc6 21. f3 Rxd1 22. Rxd1 Rd8 23. Ne4 h5 24. Rxd8+ Bxd8 25. Nd6 h4 26. Nxb7 Qxb7 27. Bf2 Bc7 28. Bxc5 Bxe5 29. Qe4 Qd7 30. Bd3 f5 31. Qc4 Nf4 32. Bf1 Qd2 33. g3 hxg3 34. hxg3 Nd5 35. Bf2 Qxa2 36. Qc8+ Kf7 37. Qd7+ Ne7 38. Bc4 Qb1+ 39. Kg2 Bf6 40. Qxe6+ Kg6 41. Qf7+ Kh6 42. Be3+ f4 43. Bxf4+ Bg5 44. Bxg5+ Kxg5 45. Qxe7+ Kh6 46. Qh4+ 1-0

[Event "Muensterland Regionalliga 2526"]
[Site "Germany"]
[Date "2026.02.07"]
[Round "6"]
[Board "5"]
[White "Janning, Rainer"]
[Black "Gulik, Michal"]
[Result "1/2-1/2"]
[WhiteElo "1826"]
[BlackElo "1774"]
[WhiteFideId "-1"]
[BlackFideId "-1"]
[PlyCount "53"]
[GameId "2095107403830488"]
[EventDate "2025.??.??"]
[EventType "team-tourn"]
[EventRounds "9"]
[EventCountry "GER"]
[SourceTitle "Verband Muensterland"]
[SourceDate "2025.09.21"]
[SourceVersion "1"]
[SourceVersionDate "2025.09.21"]
[SourceQuality "1"]
[WhiteTeam "Steinfurt"]
[BlackTeam "Ahaus Wessum"]
[WhiteTeamCountry "GER"]
[BlackTeamCountry "GER"]

1. f4 c5 2. Nf3 Nc6 3. g3 g6 4. Bg2 Bg7 5. c3 Nf6 6. O-O O-O 7. d3 d5 8. Na3 b6 9. Qc2 Bf5 10. Nh4 Qd7 11. Nxf5 Qxf5 12. e4 Qd7 13. Qe2 dxe4 14. dxe4 e5 15. f5 Rad8 16. Bg5 h6 17. Bxf6 Bxf6 18. Rad1 Qe7 19. Nc2 Rxd1 20. Rxd1 Rd8 21. Ne3 Rd6 22. Nd5 Qd8 23. fxg6 fxg6 24. Rf1 Bg7 25. Qf3 Qe8 26. Qg4 Ne7 27. Qe2 1/2-1/2

[Event "Muensterland Regionalliga 2526"]
[Site "Germany"]
[Date "2026.02.07"]
[Round "6"]
[Board "6"]
[White "Parameswaran, Vithushan"]
[Black "Thomas, Wolfgang1"]
[Result "1/2-1/2"]
[WhiteElo "1895"]
[BlackElo "1729"]
[WhiteFideId "-1"]
[BlackFideId "-1"]
[PlyCount "44"]
[GameId "2095107464140001"]
[EventDate "2025.??.??"]
[EventType "team-tourn"]
[EventRounds "9"]
[EventCountry "GER"]
[SourceTitle "Verband Muensterland"]
[SourceDate "2025.09.21"]
[SourceVersion "1"]
[SourceVersionDate "2025.09.21"]
[SourceQuality "1"]
[WhiteTeam "Ahaus Wessum"]
[BlackTeam "Steinfurt"]
[WhiteTeamCountry "GER"]
[BlackTeamCountry "GER"]

1. e4 e6 2. d4 d5 3. exd5 exd5 4. c4 c6 5. Nc3 Nf6 6. Bd3 dxc4 7. Bxc4 Bg4 8. Nge2 Bh5 9. O-O Be7 10. f3 O-O 11. Nf4 Bg6 12. Nxg6 hxg6 13. Re1 Nbd7 14. Bf4 Nb6 15. Bb3 Bd6 16. Qd2 Bxf4 17. Qxf4 Qd7 18. Rad1 Rfe8 19. Ne4 Nbd5 20. Qh4 Rad8 21. Ng5 Rxe1+ 22. Rxe1 Re8 1/2-1/2

[Event "Muensterland Regionalliga 2526"]
[Site "Germany"]
[Date "2026.02.07"]
[Round "6"]
[Board "7"]
[White "Raue, Thorsten"]
[Black "Ciobotaru, Andrei Rares"]
[Result "0-1"]
[WhiteElo "1693"]
[BlackElo "1703"]
[WhiteFideId "-1"]
[BlackFideId "-1"]
[PlyCount "96"]
[GameId "2095107553645802"]
[EventDate "2025.??.??"]
[EventType "team-tourn"]
[EventRounds "9"]
[EventCountry "GER"]
[SourceTitle "Verband Muensterland"]
[SourceDate "2025.09.21"]
[SourceVersion "1"]
[SourceVersionDate "2025.09.21"]
[SourceQuality "1"]
[WhiteTeam "Steinfurt"]
[BlackTeam "Ahaus Wessum"]
[WhiteTeamCountry "GER"]
[BlackTeamCountry "GER"]

1. b4 e5 2. Bb2 Bxb4 3. Bxe5 Nf6 4. e3 Nc6 5. Bb2 O-O 6. c4 d6 7. Nf3 Bf5 8. Be2 Qe7 9. O-O Rad8 10. a3 Ba5 11. d4 d5 12. Nbd2 Rfe8 13. Rc1 Nb8 14. Nb3 Nc6 15. cxd5 Rxd5 16. Bc4 Rdd8 17. Bb5 Bb6 18. Bxc6 bxc6 19. Rxc6 Bd7 20. Rc1 Ba4 21. Qd3 a6 22. Qc3 Nd5 23. Qc2 Nxe3 24. fxe3 Qxe3+ 25. Qf2 Bxb3 26. Nd2 Bd5 27. Qxe3 Rxe3 28. Rfe1 Rde8 29. Rxe3 Rxe3 30. Kf2 Re6 31. Nf3 Bxf3 32. Kxf3 Kf8 33. d5 Re3+ 34. Kf4 Re2 35. Be5 Be3+ 36. Kf3 Bxc1 37. Kxe2 Bxa3 38. Bxc7 Ke7 39. Kd3 Bd6 40. Ba5 Bxh2 41. Kc4 Bd6 42. Bc3 f6 43. Kb3 Be5 44. Bb4+ Kd7 45. Ka4 h5 46. Ka5 g5 47. Kxa6 h4 48. Kb5 g4 0-1

[Event "Muensterland Regionalliga 2526"]
[Site "Germany"]
[Date "2026.02.07"]
[Round "6"]
[Board "8"]
[White "Resing, Marvin"]
[Black "Haselhorst, Helmut"]
[Result "1-0"]
[WhiteElo "1779"]
[BlackElo "1839"]
[WhiteFideId "-1"]
[BlackFideId "-1"]
[PlyCount "45"]
[GameId "2095107615425779"]
[EventDate "2025.??.??"]
[EventType "team-tourn"]
[EventRounds "9"]
[EventCountry "GER"]
[SourceTitle "Verband Muensterland"]
[SourceDate "2025.09.21"]
[SourceVersion "1"]
[SourceVersionDate "2025.09.21"]
[SourceQuality "1"]
[WhiteTeam "Ahaus Wessum"]
[BlackTeam "Steinfurt"]
[WhiteTeamCountry "GER"]
[BlackTeamCountry "GER"]

1. e4 e5 2. Bc4 Nf6 3. d4 Nc6 4. Nf3 Be7 5. dxe5 Ng4 6. Bf4 Bc5 7. Bxf7+ Kf8 8. Bh5 d6 9. O-O dxe5 10. Qxd8+ Nxd8 11. Nxe5 Nf6 12. Bf3 Ne6 13. Nd3 Bb6 14. e5 Nd7 15. Bg3 Nd4 16. Bd1 Ke7 17. Nd2 Rf8 18. Ne4 Nf5 19. Bf4 c6 20. c3 Bd8 21. g4 Nh4 22. Bg5+ Ke6 23. Bb3# 1-0

[Event "Muensterland Regionalliga 2526"]
[Site "Germany"]
[Date "2026.03.07"]
[Round "7"]
[Board "1"]
[White "Reckzuegel, Philipp"]
[Black "Schroer, Klaus"]
[Result "1/2-1/2"]
[WhiteElo "1998"]
[BlackElo "2095"]
[WhiteFideId "-1"]
[BlackFideId "-1"]
[PlyCount "102"]
[GameId "2290172547626446"]
[EventDate "2025.??.??"]
[EventType "team-tourn"]
[EventRounds "9"]
[EventCountry "GER"]
[SourceTitle "Verband Muensterland"]
[SourceDate "2025.09.21"]
[SourceVersion "1"]
[SourceVersionDate "2025.09.21"]
[SourceQuality "1"]
[WhiteTeam "Gronau"]
[BlackTeam "Borken"]
[WhiteTeamCountry "GER"]
[BlackTeamCountry "GER"]

1. d4 d6 2. c4 e5 3. dxe5 dxe5 4. Qxd8+ Kxd8 5. Nc3 c6 6. Nf3 f6 7. e4 Be6 8. Be3 Kc7 9. O-O-O Nd7 10. Be2 Ne7 11. Ne1 Nc8 12. Nc2 Ncb6 13. b3 a5 14. f4 Bc5 15. g3 Rhe8 16. Rhf1 Bg8 17. Bg4 Bxe3+ 18. Nxe3 exf4 19. gxf4 g6 20. Bxd7 Nxd7 21. Ng4 Re7 22. Rfe1 h5 23. Nf2 a4 24. Rg1 axb3 25. axb3 Bf7 26. h4 Ra1+ 27. Kc2 Rxd1 28. Rxd1 Nc5 29. Ra1 Ne6 30. Ne2 Nc5 31. Ng3 Ne6 32. Nd3 Nd4+ 33. Kc3 Nf3 34. Rh1 g5 35. hxg5 fxg5 36. fxg5 h4 37. Nf5 Rxe4 38. Rh3 Nxg5 39. Rxh4 Rxh4 40. Nxh4 Ne4+ 41. Kd4 Nd6 42. Nf3 Nf5+ 43. Ke5 Ng3 44. Nd4 b6 45. Kf4 Nf1 46. Nxc6 Kxc6 47. Ne5+ Kc5 48. Nxf7 Nd2 49. Ne5 Nxb3 50. Nd7+ Kc6 51. Nxb6 Kxb6 1/2-1/2

[Event "Muensterland Regionalliga 2526"]
[Site "Germany"]
[Date "2026.03.07"]
[Round "7"]
[Board "2"]
[White "Schulze Schwering, Philipp"]
[Black "Hoge, Torsten"]
[Result "0-1"]
[WhiteElo "2018"]
[BlackElo "1931"]
[WhiteFideId "-1"]
[BlackFideId "-1"]
[PlyCount "134"]
[GameId "2290172547626448"]
[EventDate "2025.??.??"]
[EventType "team-tourn"]
[EventRounds "9"]
[EventCountry "GER"]
[SourceTitle "Verband Muensterland"]
[SourceDate "2025.09.21"]
[SourceVersion "1"]
[SourceVersionDate "2025.09.21"]
[SourceQuality "1"]
[WhiteTeam "Borken"]
[BlackTeam "Gronau"]
[WhiteTeamCountry "GER"]
[BlackTeamCountry "GER"]

1. d4 e6 2. Nf3 f5 3. g3 d5 4. Bg2 Nf6 5. O-O Be7 6. c4 c6 7. b3 O-O 8. Bb2 Bd7 9. Nbd2 Be8 10. Ne5 Bh5 11. Ndf3 Ne4 12. Nd3 Qe8 13. Nfe5 Bg5 14. Qc2 Nd7 15. Bc1 Bxc1 16. Raxc1 Rf6 17. f3 Nd6 18. Nxd7 Qxd7 19. Ne5 Qd8 20. c5 Nf7 21. Nd3 Rh6 22. Qd2 Qf6 23. Qb2 Re8 24. Ne5 f4 25. Rce1 Qg5 26. Nxf7 Bxf7 27. Qc1 Rf6 28. e4 e5 29. exd5 Bxd5 30. Qd2 Ree6 31. Rxe5 Rxe5 32. dxe5 Qxe5 33. Re1 Qc7 34. g4 Kf7 35. Qc3 Re6 36. Rxe6 Kxe6 37. g5 Kf7 38. Qd4 Kg6 39. Qd3+ Kxg5 40. Qxh7 Qe7 41. h4+ Kf6 42. Qh5 Qe5 43. Qh8 Kf7 44. Qd8 Qe7 45. Qxe7+ Kxe7 46. Kf2 Kf6 47. Ke2 Kg6 48. Bh3 Kh5 49. Bc8 b6 50. cxb6 axb6 51. Bb7 Kxh4 52. Kf2 g5 53. a4 Bxb3 54. Bxc6 g4 55. fxg4 Kxg4 56. Bd7+ Kg5 57. Kf3 Bd5+ 58. Kf2 Kf6 59. Ke2 Ke5 60. Kd3 Kd6 61. Bg4 Kc5 62. Bd1 Kb4 63. Kd4 Bc6 64. Ke5 f3 65. Kd6 f2 66. Be2 Bxa4 67. Kc7 Bb5 0-1

[Event "Muensterland Regionalliga 2526"]
[Site "Germany"]
[Date "2026.03.07"]
[Round "7"]
[Board "3"]
[White "Luetkehermoelle, Martin"]
[Black "Beckmann, David"]
[Result "0-1"]
[WhiteElo "1927"]
[BlackElo "2029"]
[WhiteFideId "-1"]
[BlackFideId "-1"]
[PlyCount "56"]
[GameId "2290172547626450"]
[EventDate "2025.??.??"]
[EventType "team-tourn"]
[EventRounds "9"]
[EventCountry "GER"]
[SourceTitle "Verband Muensterland"]
[SourceDate "2025.09.21"]
[SourceVersion "1"]
[SourceVersionDate "2025.09.21"]
[SourceQuality "1"]
[WhiteTeam "Gronau"]
[BlackTeam "Borken"]
[WhiteTeamCountry "GER"]
[BlackTeamCountry "GER"]

1. e4 e6 2. d4 d5 3. Bd3 dxe4 4. Bxe4 Nf6 5. Bf3 c5 6. Ne2 Nc6 7. Be3 Be7 8. O-O cxd4 9. Nxd4 Nxd4 10. Qxd4 O-O 11. Qxd8 Rxd8 12. Nc3 Bd7 13. Rab1 Bc6 14. Bxc6 bxc6 15. Rfd1 a5 16. Kf1 Kf8 17. h3 Ke8 18. Ke2 Rxd1 19. Rxd1 Rb8 20. b3 c5 21. Bf4 Rc8 22. Kd3 Nd7 23. Nb5 e5 24. Bd2 c4+ 25. bxc4 Nc5+ 26. Ke2 Nb7 27. Bc3 Rxc4 28. Bxe5 Re4+ 0-1

[Event "Muensterland Regionalliga 2526"]
[Site "Germany"]
[Date "2026.03.07"]
[Round "7"]
[Board "4"]
[White "Boldrick, Marcel"]
[Black "Langendijk, Andre"]
[Result "1/2-1/2"]
[WhiteElo "1864"]
[BlackElo "1859"]
[WhiteFideId "-1"]
[BlackFideId "-1"]
[PlyCount "174"]
[GameId "2290172547626452"]
[EventDate "2025.??.??"]
[EventType "team-tourn"]
[EventRounds "9"]
[EventCountry "GER"]
[SourceTitle "Verband Muensterland"]
[SourceDate "2025.09.21"]
[SourceVersion "1"]
[SourceVersionDate "2025.09.21"]
[SourceQuality "1"]
[WhiteTeam "Borken"]
[BlackTeam "Gronau"]
[WhiteTeamCountry "GER"]
[BlackTeamCountry "GER"]

1. e4 c5 2. Nc3 g6 3. d4 Bg7 4. dxc5 Qa5 5. Bd2 Qxc5 6. Nd5 Na6 7. Nf3 Nf6 8. Nxf6+ Bxf6 9. c3 O-O 10. Bh6 Rd8 11. Qd2 d6 12. Be2 Be6 13. h4 Bc4 14. h5 Bxe2 15. Kxe2 Qb5+ 16. Kd1 Nc5 17. hxg6 hxg6 18. Nd4 Qd3 19. f3 d5 20. Qxd3 Nxd3 21. Kc2 dxe4 22. fxe4 Nc5 23. Rae1 Bxd4 24. cxd4 Rxd4 25. e5 Ne6 26. Re3 Rc8+ 27. Kb1 Rc5 28. Rb3 Rd7 29. Re3 a6 30. b3 Rdd5 31. Reh3 Rxe5 32. Be3 Rcd5 33. g4 Ng5 34. Rh8+ Kg7 35. Bxg5 Rxg5 36. R8h7+ Kf6 37. Rf1+ Ke6 38. Rfxf7 Rd7 39. Rf4 Ke5 40. Rc4 b5 41. Rb4 Ke6 42. a4 Re5 43. Rf4 Re2 44. Rh1 Ke5 45. Rf7 bxa4 46. bxa4 Rb7+ 47. Kc1 Re4 48. Kc2 Rxg4 49. a5 Rc4+ 50. Kd3 Rd4+ 51. Kc3 Rc7+ 52. Kb3 Rd3+ 53. Kb2 Rd5 54. Re1+ Kd6 55. Rg1 Rb5+ 56. Ka2 Rxa5+ 57. Kb3 Rb5+ 58. Ka4 Rc4+ 59. Ka3 g5 60. Rg7 Rcc5 61. Rg8 Re5 62. Rd8+ Kc7 63. Rd4 Re3+ 64. Ka2 Rf3 65. Rc1+ Kb6 66. Re4 e5 67. Rce1 Rf4 68. Ka3 Rxe4 69. Rxe4 Kc6 70. Rg4 Rd5 71. Rxg5 e4 72. Rg1 Kc5 73. Kb3 Kd4 74. Kc2 Ke3 75. Rg8 Ke2 76. Re8 e3 77. Re6 a5 78. Kc3 Kf2 79. Rf6+ Ke1 80. Re6 e2 81. Kc2 Rd4 82. Kc3 Rf4 83. Kd3 Rf3+ 84. Kc2 Kf2 85. Kd2 e1=Q+ 86. Rxe1 Rd3+ 87. Kxd3 Kxe1 1/2-1/2